Wszystke państwa w Europie od największego - Statystyki

Ogólne statystyki
  • Ten quiz został rozwiązany 209 razy
    73 od ostatniego zresetowania
  • Średni wynik to 27 z 45
Statystyki odpowiedzi
Miejsce Powierzchnia Kraj % Poprawnych
1 3 995 200 km2 Rosja
100%
2 603 550 km2 Ukraina
96%
3 551 500 km2 Francja
95%
4 505 370 km2 Hiszpania
89%
6 357 022 km2 Niemcy
84%
9 312 696 km2 Polska
84%
5 450 295 km2 Szwecja
84%
7 338 145 km2 Finlandia
82%
8 323 802 km2 Norwegia
82%
12 238 391 km2 Rumunia
78%
11 243 610 km² Wielka Brytania
78%
10 301 340 km2 Wlochy
78%
13 207 600 km2 Białoruś
71%
44 2 km2 Monako
71%
45 0.44 km2 Watykan
71%
14 131 957 km2 Grecja
69%
43 61 km2 San Marino
69%
42 160 km2 Liechtenstein
67%
15 110 879 km2 Bułgaria
65%
40 468 km2 Andora
62%
39 2 586 km2 Luksemburg
62%
41 316 km2 Malta
58%
16 103 000 km2 Islandia
56%
38 13 812 km2 Czarnogóra
55%
18 92 090 km2 Portugalia
55%
21 78 867 km2 Czechy
53%
19 88 361 km2 Serbia
53%
17 93 028 km2 Węgry
53%
20 83 871 km2 Austria
51%
37 20 273 km2 Słowenia
51%
25 56 594 km2 Chorwacja
45%
34 28 748 km2 Albania
44%
30 41 543 km2 Holandia
44%
35 25 713 km2 Macedonia
44%
27 49 035 km2 Słowacja
44%
26 51 197 km2 Bośnia i Hercegowina
42%
23 65 200 km2 Litwa
42%
24 64 589 km2 Łotwa
42%
31 41 277 km2 Szwajcaria
42%
33 30 528 km2 Belgia
40%
29 43 094 km2 Dania
40%
28 45 228 km2 Estonia
40%
22 70 273 km2 Irlandia
40%
32 33 851 km2 Mołdawia
38%
36 23 507 km2 Turcja
24%
Nie znaleziono quizów pasujących do podanych kryteriów
Rozkład punktacji
Procent ludzi z każdym wynikiem
Percentyl według liczby udzielonych odpowiedzi
Twoja historia wyników
Nie rozwiązałeś tego quizu od ostatniego zresetowania